[Event "Salo We SalSK"]
[Site "Salo"]
[Date "2016.10.30"]
[Round "5"]
[White "Koivumaki, Marko"]
[Black "Heikkila, Antti"]
[Result "1-0"]
[WhiteElo "1813"]
[BlackElo "1842"]
[PlyCount "67"]
[EventDate "2016.10.28"]
[EventType "swiss"]
[EventRounds "5"]
[EventCountry "FIN"]
[SourceTitle "EXT 2022"]
[Source "ChessBase"]
[SourceDate "2021.10.06"]
[SourceVersion "1"]
[SourceVersionDate "2021.10.06"]
[SourceQuality "1"]

1. c4 g6 2. Nc3 Bg7 3. Nf3 c5 4. e3 d6 5. Be2 Nc6 6. d4 cxd4 7. exd4 Bg4 8. Be3 Nh6 9. h3 Bxf3 10. Bxf3 Nf5 11. Bxc6+ bxc6 12. Qa4 0-0 13. Rd1 e5 14. dxe5 Nxe3 15. fxe3 Qh4+ 16. Ke2 Bxe5 17. Qxc6 Rab8 18. Rd2 Rfc8 19. Qe4 Rxc4 20. Qxh4 Rxh4 21. Rc1 Rc4 22. Kd3 Rcb4 23. b3 f5 24. Nd5 R4b5 25. Ke2 Kf7 26. Rc7+ Kg8 27. Rxa7 R5b7 28. Rxb7 Rxb7 29. b4 Kf7 30. a4 Ke6 31. b5 g5 32. a5 f4 33. a6 Rxb5 34. Nc7+ 1-0

[Event "Naantali op"]
[Site "Naantali"]
[Date "2015.06.30"]
[Round "2"]
[White "Heikkila, Antti"]
[Black "Ailasmaa, Kimmo"]
[Result "1/2-1/2"]
[WhiteElo "1894"]
[BlackElo "1812"]
[PlyCount "61"]
[EventDate "2015.06.29"]
[EventType "swiss"]
[EventRounds "9"]
[EventCountry "FIN"]
[SourceTitle "EXT 2016"]
[Source "ChessBase"]
[SourceDate "2015.10.08"]
[SourceVersion "1"]
[SourceVersionDate "2015.10.08"]
[SourceQuality "1"]

1. c4 Nf6 2. g3 d5 3. cxd5 Nxd5 4. Bg2 g6 5. Nc3 Nxc3 6. bxc3 Bg7 7. f4 0-0 8. Nf3 Nc6 9. 0-0 Na5 10. e4 b6 11. d4 c5 12. Be3 cxd4 13. cxd4 Bb7 14. Qd3 e6 15. Rac1 Rc8 16. Rxc8 Qxc8 17. Rc1 Qd7 18. Ne5 Bxe5 19. fxe5 Rc8 20. Rxc8+ Qxc8 21. d5 exd5 22. exd5 Qd8 23. h4 Nc6 24. Qc3 Ne7 25. d6 Nd5 26. Bxd5 Bxd5 27. a4 Be6 28. Bg5 Qc8 29. Qd2 Qc5+ 30. Qe3 Qxe3+ 31. Bxe3 1/2-1/2

[Event "Jyvaskyla Winter Weekend B"]
[Site "Jyvaskyla"]
[Date "2015.01.24"]
[Round "2"]
[White "Heikkila, Antti"]
[Black "Eloranta, Kari"]
[Result "0-1"]
[WhiteElo "1951"]
[BlackElo "2015"]
[PlyCount "24"]
[EventDate "2015.01.23"]
[EventType "swiss"]
[EventRounds "5"]
[EventCountry "FIN"]
[SourceTitle "EXT 2022"]
[Source "ChessBase"]
[SourceDate "2021.10.06"]
[SourceVersion "1"]
[SourceVersionDate "2021.10.06"]
[SourceQuality "1"]

1. c4 Nf6 2. g3 c6 3. d4 d5 4. Nd2 dxc4 5. Nxc4 Qd5 6. Ne3 Qxh1 7. Nf3 Ng4 8. Nxg4 Bxg4 9. Qb3 b6 10. Bf4 Bxf3 11. exf3 Qxh2 12. 0-0-0 g5 0-1

[Event "Pori We PSY"]
[Site "Pori"]
[Date "2014.10.11"]
[Round "1"]
[White "Heikkila, Antti"]
[Black "Kivimaki, Jaakko"]
[Result "0-1"]
[WhiteElo "1925"]
[BlackElo "2116"]
[PlyCount "96"]
[EventDate "2014.10.11"]
[EventType "swiss"]
[EventRounds "5"]
[EventCountry "FIN"]
[SourceTitle "EXT 2022"]
[Source "ChessBase"]
[SourceDate "2021.10.06"]
[SourceVersion "1"]
[SourceVersionDate "2021.10.06"]
[SourceQuality "1"]

1. c4 e6 2. g3 d5 3. Nf3 c6 4. Qc2 b5 5. d3 Nf6 6. Bg2 Be7 7. 0-0 0-0 8. b3 a5 9. Nbd2 Bb7 10. Rb1 Nfd7 11. Bb2 Bf6 12. d4 a4 13. Ba1 axb3 14. axb3 b4 15. e4 Qa5 16. e5 Be7 17. c5 Na6 18. Bb2 Nc7 19. Ra1 Qb5 20. Rfc1 Rxa1 21. Rxa1 Ra8 22. Qb1 Rxa1 23. Qxa1 Qa6 24. Bf1 Qxa1 25. Bxa1 f6 26. exf6 Bxf6 27. Ne5 Nxe5 28. dxe5 Be7 29. Bd4 Ba6 30. Bh3 Kf7 31. f4 Bd3 32. Nf3 h6 33. Bf2 Nb5 34. g4 Be2 35. Nd4 Nxd4 36. Bxd4 Bd1 37. f5 Bxb3 38. fxe6+ Ke8 39. Kf2 Bg5 40. Be3 Ke7 41. Bf1 Kxe6 42. Bd4 Bf4 43. g5 Bxg5 44. Ba6 Bc2 45. Bc8+ Ke7 46. e6 Bf6 47. Bxf6+ gxf6 48. Ke3 Ba4 0-1

[Event "Trieste op 16th"]
[Site "Trieste"]
[Date "2014.09.04"]
[Round "7"]
[White "Blasco, Domenico"]
[Black "Heikkila, Antti"]
[Result "0-1"]
[WhiteElo "1874"]
[BlackElo "1953"]
[PlyCount "106"]
[EventDate "2014.08.30"]
[EventType "swiss"]
[EventRounds "9"]
[EventCountry "ITA"]
[SourceTitle "CBM 162 Extra"]
[Source "ChessBase"]
[SourceDate "2014.10.17"]
[SourceVersion "1"]
[SourceVersionDate "2014.10.17"]
[SourceQuality "1"]

1. d4 c5 2. c3 cxd4 3. cxd4 d5 4. Nf3 Nf6 5. e3 g6 6. Bd3 Bg7 7. 0-0 0-0 8. Ne5 Ne8 9. Nc3 f6 10. Nf3 Nc6 11. b3 Kh8 12. Ba3 Qa5 13. Qc1 Bg4 14. Nd2 Rc8 15. Qb2 Qd8 16. h3 Bf5 17. Bxf5 gxf5 18. Nf3 Nc7 19. Rfd1 Rg8 20. Qc2 Qd7 21. Nh4 e6 22. Rac1 Bh6 23. f4 Qf7 24. Qe2 Bf8 25. Bb2 Qg7 26. Qf2 Qd7 27. Kh1 Be7 28. Na4 b6 29. Nc3 Rg7 30. Qc2 Ne8 31. Qe2 Nd6 32. a3 Rcg8 33. Qh5 Bd8 34. Rc2 Na5 35. Nxd5 exd5 36. a4 Nxb3 37. Ba3 Ne4 38. Nxf5 Qxf5 39. Qxf5 Ng3+ 40. Kh2 Nxf5 41. Rd3 Na5 42. g4 Ne7 43. e4 h5 44. e5 Ng6 45. Bc1 hxg4 46. hxg4 Rh7+ 47. Kg3 Rh1 48. exf6 Rg1+ 49. Kf2 Rxg4 50. f5 Nh4 51. f7 Rg2+ 52. Kf1 Rg1+ 53. Ke2 R1g2+ 0-1

[Event "Naantali op"]
[Site "Naantali"]
[Date "2014.07.03"]
[Round "6"]
[White "Laajo, Juha"]
[Black "Heikkila, Antti"]
[Result "0-1"]
[WhiteElo "1830"]
[BlackElo "1917"]
[PlyCount "110"]
[EventDate "2014.06.30"]
[EventType "swiss"]
[EventRounds "9"]
[EventCountry "FIN"]
[SourceTitle "CBM 161 Extra"]
[Source "ChessBase"]
[SourceDate "2014.08.29"]
[SourceVersion "1"]
[SourceVersionDate "2014.08.29"]
[SourceQuality "1"]

1. e4 c5 2. c3 Nf6 3. e5 Nd5 4. d4 cxd4 5. Nf3 Nc6 6. cxd4 d6 7. exd6 Qxd6 8. Be2 Bf5 9. a3 e6 10. 0-0 Be7 11. Nc3 0-0 12. Qb3 Rfd8 13. Nb5 Qb8 14. Bd2 Bf6 15. Bc4 Nb6 16. Bc3 Nxc4 17. Qxc4 a6 18. Rfd1 axb5 19. Qxb5 Rd5 20. Qc4 b5 21. Qxc6 Ra4 22. Bb4 Ra7 23. Rac1 Ra8 24. Qc3 h6 25. h3 Qd8 26. Bc5 e5 27. b4 exd4 28. Qb3 d3 29. Rd2 Be4 30. Ne1 Bg5 31. Be3 Bxe3 32. fxe3 Qg5 33. Rcd1 Qxe3+ 34. Kh2 Rad8 35. a4 bxa4 36. Qxa4 Rb8 37. b5 Qf4+ 38. Kg1 Qe3+ 39. Kh2 Rg5 40. Qa6 Rbxb5 41. Nf3 Bxf3 42. gxf3 Rbd5 43. Qc8+ Kh7 44. Qc7 Rde5 45. Qxf7 Ref5 46. Qc4 Qe5+ 47. f4 Rxf4 48. Qxd3+ Re4+ 49. Kh1 Rg3 50. Qf1 Ree3 51. Rh2 Qe4+ 52. Rg2 Rxg2 53. Qxg2 Rxh3+ 54. Kg1 Qe3+ 55. Qf2 Rh1+ 0-1

[Event "Naantali op"]
[Site "Naantali"]
[Date "2014.07.01"]
[Round "2"]
[White "Heikkila, Antti"]
[Black "Leino, Pauli"]
[Result "1-0"]
[WhiteElo "1917"]
[BlackElo "1890"]
[PlyCount "117"]
[EventDate "2014.06.30"]
[EventType "swiss"]
[EventRounds "9"]
[EventCountry "FIN"]
[SourceTitle "CBM 161 Extra"]
[Source "ChessBase"]
[SourceDate "2014.08.29"]
[SourceVersion "1"]
[SourceVersionDate "2014.08.29"]
[SourceQuality "1"]

1. c4 e5 2. g3 Nf6 3. Bg2 d6 4. Nc3 g6 5. Nf3 Bg7 6. d4 Nbd7 7. 0-0 0-0 8. e4 c6 9. h3 Qe7 10. Be3 Rd8 11. Qc2 a6 12. Rad1 b5 13. c5 dxc5 14. dxe5 Ne8 15. Bg5 f6 16. exf6 Bxf6 17. Bxf6 Ndxf6 18. Rxd8 Qxd8 19. Rd1 Qe7 20. e5 Nh5 21. Ne4 c4 22. Qd2 Be6 23. Qd4 Bd5 24. g4 Nhg7 25. Qc5 Qd8 26. Nc3 Nc7 27. Nd4 Bxg2 28. Nxc6 Qe8 29. Kxg2 Nge6 30. Qd6 Nf4+ 31. Kg3 Nce6 32. Ne4 Kh8 33. Nf6 Qf7 34. Qd7 Rf8 35. Qxf7 Rxf7 36. Nd8 Re7 37. Nxe6 Nxe6 38. f4 Kg7 39. Rd6 Nc5 40. Nd5 Ne4+ 41. Kf3 Nxd6 42. Nxe7 Nb7 43. Ke4 Nc5+ 44. Ke3 Kf7 45. Nc6 Ke6 46. h4 Nd3 47. Nd4+ Ke7 48. b3 Nb4 49. bxc4 bxc4 50. f5 gxf5 51. gxf5 Nxa2 52. Nc6+ Ke8 53. e6 c3 54. Kd3 h5 55. f6 Kf8 56. Ne5 Nb4+ 57. Ke2 c2 58. Kd2 Nd5 59. Ng6+ 1-0

[Event "Naantali op"]
[Site "Naantali"]
[Date "2014.07.01"]
[Round "3"]
[White "Valkama, Eero"]
[Black "Heikkila, Antti"]
[Result "1-0"]
[WhiteElo "2050"]
[BlackElo "1917"]
[PlyCount "71"]
[EventDate "2014.06.30"]
[EventType "swiss"]
[EventRounds "9"]
[EventCountry "FIN"]
[SourceTitle "CBM 161 Extra"]
[Source "ChessBase"]
[SourceDate "2014.08.29"]
[SourceVersion "1"]
[SourceVersionDate "2014.08.29"]
[SourceQuality "1"]

1. e4 c5 2. Nf3 Nc6 3. Bb5 g6 4. Bxc6 bxc6 5. 0-0 Bg7 6. Re1 Nf6 7. d3 0-0 8. Nc3 Ne8 9. Be3 d6 10. h3 Nc7 11. Qd2 Ne6 12. Bh6 Nd4 13. Nxd4 cxd4 14. Bxg7 Kxg7 15. Ne2 Qb6 16. c4 a5 17. f4 Bd7 18. g4 Rab8 19. Rab1 Qc5 20. Ng3 Rb7 21. Re2 Rfb8 22. e5 d5 23. cxd5 Qxd5 24. b3 h6 25. f5 Be8 26. fxg6 fxg6 27. Rf1 Bf7 28. Qf4 Be6 29. h4 a4 30. bxa4 Rc7 31. h5 Rcc8 32. hxg6 Rf8 33. Nf5+ Bxf5 34. gxf5 Qd8 35. Rh2 Rh8 36. Rh5 1-0

[Event "Kuopio We KSY A"]
[Site "Kuopio"]
[Date "2014.04.27"]
[Round "5"]
[White "Heikkila, Antti"]
[Black "Sipila, Markku"]
[Result "0-1"]
[WhiteElo "1944"]
[BlackElo "1983"]
[PlyCount "60"]
[EventDate "2014.04.26"]
[EventType "swiss"]
[EventRounds "5"]
[EventCountry "FIN"]
[SourceTitle "EXT 2022"]
[Source "ChessBase"]
[SourceDate "2021.10.06"]
[SourceVersion "1"]
[SourceVersionDate "2021.10.06"]
[SourceQuality "1"]

1. c4 e5 2. g3 g6 3. Bg2 Bg7 4. b3 d6 5. Bb2 c6 6. f4 h6 7. Nf3 Bg4 8. 0-0 Nd7 9. d3 Ne7 10. h3 Bxf3 11. exf3 Qb6+ 12. Kh2 0-0-0 13. Re1 Nf5 14. g4 exf4 15. Bxg7 Nxg7 16. d4 Rhe8 17. Rxe8 Rxe8 18. Nc3 Nf6 19. Rb1 Re3 20. Qd2 g5 21. b4 Ne6 22. c5 Qd8 23. b5 dxc5 24. bxc6 Qxd4 25. Qxd4 cxd4 26. cxb7+ Kb8 27. Nb5 Ne8 28. a4 a6 29. Na7 Nd8 30. Nc8 Nxb7 0-1

[Event "Kuopio We KSY A"]
[Site "Kuopio"]
[Date "2014.04.26"]
[Round "3"]
[White "Porrasmaa, Timo"]
[Black "Heikkila, Antti"]
[Result "0-1"]
[WhiteElo "2078"]
[BlackElo "1944"]
[PlyCount "87"]
[EventDate "2014.04.26"]
[EventType "swiss"]
[EventRounds "5"]
[EventCountry "FIN"]
[SourceTitle "EXT 2022"]
[Source "ChessBase"]
[SourceDate "2021.10.06"]
[SourceVersion "1"]
[SourceVersionDate "2021.10.06"]
[SourceQuality "1"]

1. Nf3 b6 2. d4 Bb7 3. e3 f5 4. Bd3 e6 5. 0-0 Nf6 6. c4 Be7 7. Nc3 0-0 8. d5 Qe8 9. e4 fxe4 10. Nxe4 Nxe4 11. Bxe4 Na6 12. Ng5 Bxg5 13. Bxg5 Nc5 14. Bf3 Qg6 15. Be7 Rf4 16. Bxc5 bxc5 17. Rc1 Raf8 18. Rc3 Rd4 19. Qb3 Ba8 20. dxe6 Qxe6 21. Bxa8 Rxa8 22. Qb7 Rf8 23. b3 Qb6 24. Qxb6 cxb6 25. Rcc1 d5 26. cxd5 Rxd5 27. Rcd1 Rfd8 28. Rxd5 Rxd5 29. f3 Kf7 30. Rf2 Ke6 31. Kf1 b5 32. Ke2 a5 33. Ke3 Rd4 34. Rd2 Rxd2 35. Kxd2 Kd5 36. Kd3 a4 37. bxa4 b4 38. a5 c4+ 39. Ke3 Kc5 40. a6 Kb6 41. Kd4 c3 42. Kd3 Kxa6 43. f4 Kb5 44. g4 0-1

[Event "Jyvaskyla We JyS"]
[Site "Jyvaskyla"]
[Date "2014.01.26"]
[Round "5"]
[White "Pajunen, Toni"]
[Black "Heikkila, Antti"]
[Result "1-0"]
[WhiteElo "1797"]
[BlackElo "1944"]
[PlyCount "123"]
[EventDate "2014.01.24"]
[EventType "swiss"]
[EventRounds "5"]
[EventCountry "FIN"]
[SourceTitle "EXT 2022"]
[Source "ChessBase"]
[SourceDate "2021.10.06"]
[SourceVersion "1"]
[SourceVersionDate "2021.10.06"]
[SourceQuality "1"]

1. d4 c5 2. d5 g6 3. Nf3 Bg7 4. Nc3 Nf6 5. e4 d6 6. Be2 0-0 7. 0-0 Na6 8. Re1 Nc7 9. Be3 b5 10. e5 Ng4 11. exd6 exd6 12. Nxb5 Nxe3 13. fxe3 Bxb2 14. Rb1 Bg7 15. Qd2 Re8 16. Qa5 Re7 17. Nxc7 Qxc7 18. Qxc7 Rxc7 19. Bb5 Bd7 20. e4 Re8 21. Bc4 h6 22. Re2 Kf8 23. Rb3 g5 24. Ra3 Rb7 25. Ra6 Rb1+ 26. Kf2 g4 27. Ne1 Rb4 28. Rxa7 Bc8 29. Ba6 Ra4 30. Bxc8 Rxa7 31. Bxg4 Rxa2 32. Nd3 Rb8 33. Nc1 Ra1 34. Nb3 Rh1 35. h3 c4 36. Na5 Rb4 37. Nc6 Rbb1 38. Kg3 Rhe1 39. Na5 Rxe2 40. Bxe2 c3 41. Bd3 Rd1 42. Bc4 Rd2 43. Bb3 Ke7 44. Nc4 Rd1 45. Ne3 Be5+ 46. Kf3 Rb1 47. Bc4 h5 48. Nf5+ Kf6 49. Nh6 Rb4 50. Bd3 Rb8 51. Nf5 Rb1 52. Ne3 Rb8 53. Nc4 Ra8 54. Kf2 h4 55. Bf1 Rb8 56. Kf3 Rb1 57. Bd3 Rd1 58. Ne3 Rd2 59. Kg4 Bd4 60. Kf3 Kg5 61. e5 dxe5 62. d6 1-0

[Event "Mikkeli We MikkSK MikkSK 70"]
[Site "Mikkeli"]
[Date "2014.??.??"]
[Round "2"]
[White "Heikkila, Antti"]
[Black "Chernyak, Viktoria"]
[Result "0-1"]
[WhiteElo "1944"]
[BlackElo "2038"]
[PlyCount "28"]
[EventDate "2014.??.??"]
[EventType "swiss"]
[EventRounds "5"]
[EventCountry "FIN"]
[SourceTitle "EXT 2022"]
[Source "ChessBase"]
[SourceDate "2021.10.06"]
[SourceVersion "1"]
[SourceVersionDate "2021.10.06"]
[SourceQuality "1"]

1. c4 Nf6 2. g3 g6 3. Bg2 Bg7 4. Nc3 c6 5. e4 d6 6. d3 0-0 7. Nge2 e5 8. h3 Na6 9. g4 Nc7 10. Ng3 Ne6 11. Be3 Bd7 12. g5 Ne8 13. h4 N8c7 14. h5 Nf4 0-1

[Event "Mikkeli We MikkSK MikkSK 70"]
[Site "Mikkeli"]
[Date "2014.??.??"]
[Round "5"]
[White "Porrasmaa, Timo"]
[Black "Heikkila, Antti"]
[Result "1-0"]
[WhiteElo "2078"]
[BlackElo "1944"]
[PlyCount "87"]
[EventDate "2014.??.??"]
[EventType "swiss"]
[EventRounds "5"]
[EventCountry "FIN"]
[SourceTitle "EXT 2022"]
[Source "ChessBase"]
[SourceDate "2021.10.06"]
[SourceVersion "1"]
[SourceVersionDate "2021.10.06"]
[SourceQuality "1"]

1. d4 c5 2. c3 e6 3. Nf3 f5 4. d5 Be7 5. c4 Bf6 6. dxe6 dxe6 7. Qxd8+ Bxd8 8. Bf4 Nf6 9. Nc3 a6 10. e3 Nc6 11. Be2 0-0 12. 0-0 Re8 13. Ne5 Nxe5 14. Bxe5 Nd7 15. Bd6 b6 16. Bf3 Ra7 17. Bc6 Be7 18. Rfd1 Kf8 19. e4 Bxd6 20. Rxd6 g6 21. Rad1 Re7 22. exf5 gxf5 23. b3 Kf7 24. Na4 Rc7 25. Bxd7 Rexd7 26. Rxd7+ Rxd7 27. Rxd7+ Bxd7 28. Nxb6 Bc6 29. f3 Ke7 30. Kf2 Kd8 31. Na4 Bxa4 32. bxa4 Kc7 33. a5 Kd6 34. Ke3 Ke5 35. g4 f4+ 36. Kd3 h6 37. h3 Kf6 38. Ke4 Kg5 39. Ke5 Kh4 40. Kxf4 Kxh3 41. g5 hxg5+ 42. Kxg5 Kg3 43. f4 Kf3 44. f5 1-0

[Event "Rethymno op 5th"]
[Site "Rethymno"]
[Date "2013.07.30"]
[Round "4"]
[White "Papadopoulos, Georgios3333"]
[Black "Heikkila, Antti"]
[Result "1-0"]
[WhiteElo "2072"]
[BlackElo "1956"]
[PlyCount "71"]
[EventDate "2013.07.28"]
[EventType "swiss"]
[EventRounds "9"]
[EventCountry "GRE"]
[SourceTitle "CBM 155 Extra"]
[Source "ChessBase"]
[SourceDate "2013.08.26"]
[SourceVersion "1"]
[SourceVersionDate "2013.08.26"]
[SourceQuality "1"]

1. d4 c5 2. d5 g6 3. e4 Bg7 4. Nf3 d6 5. Nc3 Nf6 6. h3 0-0 7. Be2 Na6 8. 0-0 Nc7 9. Bf4 Bd7 10. a4 Be8 11. Qd2 a6 12. a5 Nb5 13. Qe3 Nh5 14. Bh6 Nd4 15. Bxg7 Nxe2+ 16. Nxe2 Kxg7 17. Nh2 f5 18. g4 fxg4 19. hxg4 Nf6 20. Nf4 Bd7 21. f3 b6 22. g5 Nh5 23. Nxh5+ gxh5 24. f4 bxa5 25. f5 Rb8 26. b3 a4 27. bxa4 Rb4 28. a5 Ba4 29. c3 Rc4 30. Nf3 Bb5 31. Rf2 Ra4 32. Rxa4 Bxa4 33. Rh2 Be8 34. Ra2 Qb8 35. Rg2 Kh8 36. g6 1-0

[Event "Lille Luce op 4th"]
[Site "Lille"]
[Date "2013.04.17"]
[Round "6"]
[White "Heikkila, Antti"]
[Black "Sharma, Dinesh Kumar"]
[Result "0-1"]
[WhiteElo "1973"]
[BlackElo "2371"]
[PlyCount "56"]
[EventDate "2013.04.13"]
[EventType "swiss"]
[EventRounds "9"]
[EventCountry "FRA"]
[SourceTitle "CBM 154 Extra"]
[Source "ChessBase"]
[SourceDate "2013.06.25"]
[SourceVersion "2"]
[SourceVersionDate "2013.06.25"]
[SourceQuality "1"]

1. c4 Nf6 2. g3 g6 3. Bg2 Bg7 4. Nc3 0-0 5. f4 d6 6. Nf3 e5 7. d3 exf4 8. Bxf4 d5 9. cxd5 Nxd5 10. Nxd5 Qxd5 11. Qd2 c6 12. 0-0 Na6 13. e4 Qd8 14. d4 Bg4 15. h3 Bxf3 16. Rxf3 Qxd4+ 17. Kh2 Rad8 18. Qe2 Nc5 19. Be3 Qxb2 20. Qxb2 Bxb2 21. Rb1 Bd4 22. Bxd4 Rxd4 23. Ra3 a6 24. Rc3 Nxe4 25. Bxe4 Rxe4 26. Rxb7 Re2+ 27. Kg1 Rd8 28. Rb1 Rxa2 0-1

[Event "Espoo We MatSK Group A"]
[Site "Espoo"]
[Date "2012.02.??"]
[Round "5"]
[White "Porrasmaa, Timo"]
[Black "Heikkila, Antti"]
[Result "1-0"]
[WhiteElo "2129"]
[BlackElo "2024"]
[PlyCount "43"]
[EventDate "2012.02.24"]
[EventType "swiss"]
[EventRounds "5"]
[EventCountry "FIN"]
[SourceTitle "EXT 2022"]
[Source "ChessBase"]
[SourceDate "2021.10.06"]
[SourceVersion "1"]
[SourceVersionDate "2021.10.06"]
[SourceQuality "1"]

1. d4 c5 2. c3 cxd4 3. cxd4 d5 4. Nf3 Nf6 5. Nc3 g6 6. Bf4 Bg7 7. e3 0-0 8. Be2 Nc6 9. 0-0 Bd7 10. Ne5 Be8 11. Bf3 e6 12. Rc1 Rc8 13. Qb3 Qe7 14. Rfe1 Na5 15. Qd1 Nc4 16. e4 Nxb2 17. Qb3 Nh5 18. Nxd5 exd5 19. Rxc8 Nxf4 20. exd5 Na4 21. d6 Qe6 22. Qxe6 1-0

[Event "Helsinki We HSK 5th"]
[Site "Helsinki"]
[Date "2012.??.??"]
[Round "2"]
[White "Heikkila, Antti"]
[Black "Linqvist, Grels"]
[Result "0-1"]
[WhiteElo "2024"]
[BlackElo "1993"]
[PlyCount "52"]
[EventDate "2012.??.??"]
[EventType "swiss"]
[EventRounds "5"]
[EventCountry "FIN"]
[SourceTitle "EXT 2022"]
[Source "ChessBase"]
[SourceDate "2021.10.06"]
[SourceVersion "1"]
[SourceVersionDate "2021.10.06"]
[SourceQuality "1"]

1. c4 c5 2. Nf3 Nf6 3. g3 Nc6 4. Bg2 d5 5. cxd5 Nxd5 6. Nc3 Nc7 7. 0-0 e5 8. d3 Be7 9. Be3 Bd7 10. Nd2 0-0 11. f4 exf4 12. Bxf4 Rc8 13. Rc1 Ne6 14. Be3 Ned4 15. Bf2 Bg4 16. h3 Bh5 17. g4 Bg6 18. Nce4 b6 19. Ng3 f5 20. e3 f4 21. exd4 fxg3 22. Bxg3 Qxd4+ 23. Kh2 Qxd3 24. Rxf8+ Bxf8 25. Qe1 Re8 26. Qf2 Re2 0-1

[Event "Coulsdon Jessie Gilbert 4th"]
[Site "Coulsdon"]
[Date "2011.08.28"]
[Round "9"]
[White "Way, Julian M"]
[Black "Heikkila, Antti"]
[Result "1/2-1/2"]
[WhiteElo "1878"]
[BlackElo "2020"]
[PlyCount "107"]
[EventDate "2011.08.20"]
[EventType "swiss"]
[EventRounds "9"]
[EventCountry "ENG"]
[SourceTitle "CBM 144 Extra"]
[Source "ChessBase"]
[SourceDate "2011.10.28"]
[SourceVersion "1"]
[SourceVersionDate "2011.10.28"]
[SourceQuality "1"]

1. d4 c5 2. c3 d5 3. dxc5 Bf5 4. Nf3 e6 5. Bf4 Bxc5 6. e3 Ne7 7. Nd4 0-0 8. Nxf5 Nxf5 9. Bd3 Bd6 10. Bxf5 Bxf4 11. Bxh7+ Kxh7 12. exf4 Rh8 13. Qd3+ Kg8 14. Nd2 Nd7 15. Nb3 Rc8 16. Rd1 Nf6 17. 0-0 Ne4 18. Qf3 Rc4 19. Rd4 b5 20. Rfd1 Qf6 21. Rxc4 bxc4 22. Nd2 Nc5 23. b3 cxb3 24. axb3 Qh4 25. h3 Qh5 26. Qxh5 Rxh5 27. Ra1 Nd3 28. Rxa7 Nxf4 29. Kf1 e5 30. Ra8+ Kh7 31. Ra6 g5 32. b4 g4 33. h4 Rxh4 34. Ke1 Rh1+ 35. Nf1 Nxg2+ 36. Ke2 Nf4+ 37. Ke1 e4 38. Rf6 Nd3+ 39. Ke2 Nc1+ 40. Ke1 g3 41. fxg3 Kg7 42. Rf5 e3 43. Rxd5 e2 44. Rf5 exf1Q+ 45. Rxf1 Rxf1+ 46. Kxf1 Kf6 47. Ke1 Nd3+ 48. Ke2 Ne5 49. Ke3 Ke6 50. Kd4 Kd6 51. Ke4 Nd7 52. Kf5 Kd5 53. g4 Kc4 54. g5 1/2-1/2

[Event "Coulsdon Jessie Gilbert 4th"]
[Site "Coulsdon"]
[Date "2011.08.21"]
[Round "2"]
[White "Heikkila, Antti"]
[Black "Lock, Gavin R"]
[Result "1-0"]
[WhiteElo "2020"]
[BlackElo "2194"]
[PlyCount "165"]
[EventDate "2011.08.20"]
[EventType "swiss"]
[EventRounds "9"]
[EventCountry "ENG"]
[SourceTitle "CBM 144 Extra"]
[Source "ChessBase"]
[SourceDate "2011.10.28"]
[SourceVersion "1"]
[SourceVersionDate "2011.10.28"]
[SourceQuality "1"]

1. c4 c6 2. Nf3 d5 3. e3 Nf6 4. b3 Bg4 5. d4 e6 6. Nbd2 Nbd7 7. Be2 Bd6 8. Bb2 Qb8 9. cxd5 cxd5 10. h3 Bh5 11. 0-0 0-0 12. g4 Bg6 13. Nh4 e5 14. dxe5 Bxe5 15. Bxe5 Qxe5 16. Ndf3 Qe7 17. Nxg6 hxg6 18. Qd4 a6 19. Rfc1 Rac8 20. Bf1 Qa3 21. Qd1 Ne4 22. Nd4 Ndf6 23. f3 Nc5 24. Nc2 Qb2 25. Qd4 Qxd4 26. Nxd4 Rfe8 27. Kf2 Kf8 28. Rc2 Ncd7 29. Rac1 Nb6 30. a4 Rxc2+ 31. Rxc2 Rc8 32. a5 Rxc2+ 33. Nxc2 Nbd7 34. b4 Ke7 35. Kg3 g5 36. h4 gxh4+ 37. Kxh4 Ne5 38. Nd4 g6 39. g5 Ne8 40. f4 Nc4 41. Bxc4 dxc4 42. Kg4 Nc7 43. Kf3 Nb5 44. Nc2 Kd6 45. e4 Kc6 46. Ke3 Kd7 47. Nd4 Kd6 48. Nf3 Ke6 49. Nd2 c3 50. Nb3 Kd6 51. Kd3 Kc7 52. Nc1 Nd6 53. e5 Nb5 54. Ne2 Kc6 55. Nxc3 Nc7 56. Kc4 Ne6 57. Ne2 Kd7 58. Kd5 Kc7 59. Ke4 Kd7 60. Nd4 Nc7 61. Nc2 Kc6 62. Nd4+ Kd7 63. Nb3 Kc6 64. Nd4+ Kd7 65. f5 gxf5+ 66. Kxf5 Nd5 67. e6+ fxe6+ 68. Nxe6 Nxb4 69. Nc5+ Kc6 70. g6 Nd5 71. g7 Ne7+ 72. Ke6 Ng8 73. Nd7 b5 74. Nf6 Nh6 75. Ng4 Ng8 76. Kf7 b4 77. Kxg8 b3 78. Ne5+ Kd5 79. Nd3 Kd4 80. Kf8 Kxd3 81. g8Q Kc2 82. Qc4+ Kb2 83. Qxa6 1-0